000 00800cam a22002414a 4500
001 14339485
005 20250217115723.0
008 060413s2007 maua 001 0 eng
020 _a0321357434
050 0 0 _aHF5691
_b.S26 2007
082 0 0 _a650.01/513
_222
100 1 _aSalzman, Stanley A.
245 1 0 _aMathematics for business /
_cStanley A. Salzman, Charles D. Miller, Gary Clendenen.
250 _a8th ed.
260 _aBoston :
_bPearson/Addison Wesley,
_cc2007.
300 _axxvi, 902 p. :
_bill. ;
_c27 cm.
500 _aIncludes index.
650 0 _aBusiness mathematics.
700 1 _aMiller, Charles D.
_q(Charles David),
_d1942-1986.
700 1 _aClendenen, Gary.
856 4 1 _3Table of contents only
_uhttp://www.loc.gov/catdir/toc/fy0712/2006045351.html
942 _2lcc
_cBK
_n0
999 _c3906
_d3906